Songs Representing Elements of Death of a Salesman Quiz Stats

 Plays Quiz not verified by Sporcle

Also try: 'B' Books by Cover
Challenge
Share
Tweet
Embed
Score 0/16 Timer 05:00
0 Plays Today
Song Titles Character/Theme/Symbol % Correct
Money by: Pink FloydWilly Loman
61.6%
Closing Time by: Third Eye BlindBiff Loman
55.7%
Crazy For You by: AdeleLinda Loman
51.1%
Born In the USA by: Bruce SpringsteenThe American Dream
50.7%
Shadow by: Ashlee SimpsonHappy Loman
50.7%
You've Got A Friend In Me (Toy Story)Charley
45.2%
Seeing Ghosts by: Rosi GolanBen
45.2%
Baby Girl by: SugarlandBernard
43.8%
Song Titles Character/Theme/Symbol % Correct
Girlfriend by: Avril LavigneThe Woman
42.9%
Don't Worry, Be Happy by: Bob MarleyHappiness
32.4%
Glamorous by: FergieHoward
26%
Moving Mountains by: UsherStockings
18.3%
Rich Girl by: Gwen StefaniDiamonds
10.5%
Canticles of America by: John RutterSeeds
9.6%
Jumper by: Third Eye BlindRubber Hose
6.4%
Roxanne by: The PoliceMiss Forsythe and Letta
2.3%

You're not logged in!

Compare scores with friends on all Sporcle quizzes.
OR
Log In

You Might Also Like...

Show Comments

Extras

Top Quizzes Today


Score Distribution

Your Account Isn't Verified!

In order to create a playlist on Sporcle, you need to verify the email address you used during registration. Go to your Sporcle Settings to finish the process.

Report this User

Report this user for behavior that violates our Community Guidelines.

Details: